000 01200cam a22002055a 4500
001 L139710
008 070806s2007 xxkd f s 000 0 eng d
035 _a(Sirsi) u139710
041 0 _aeng
050 0 4 _a333.715 $2 18
110 2 _aSavills Research
_95211
245 0 0 _aLarge development sites in the UK
_h[electronic resource]
260 _aLondon
_bSavills Research
_c2007
520 _aReports on the current state of large scale developments within the UK. Covers developments sized over 10 acres and/or with total floorspace over 250,000 sq ft. Key findings are that while specialist housebuilder involvement is not marked in the early stages of development, it is significant in the later stages of development. The proportion of sites in mixed use development has increased, reflecting the number of town centre regeneration projects in process. Types of developers other than specialist housebuilders are becoming involved in residential units.
590 _aKA
651 4 _aUnited Kingdom
_y
690 _aPROPERTY-PROPERTY DEVELOPMENT
856 4 0 _uhttps://www.savills.co.uk/research/Report.aspx?nodeID=8548#
_zView the article free of charge at www.savills.co.uk...
942 _n0
999 _c107335
_d107335